000 00380nam a22001697a 4500
003 LK-CoDNM
005 20250620110435.0
008 250620b |||||||| |||| 00| 0 eng d
040 _aLK-CoDNM
_dLK-CoDNM
_eLK-CoDNM
041 _apli
080 _a13
_bA7
245 _a13A7
300 _afolls6,40cm
650 _apalm leaf
650 _aපුස්කොල
942 _cPL
999 _c239760
_d239760